00259nam a2200085Ia 4500008004100000041001200041100003000053245005300083260003700136231217s9999 xx 000 0 und d aEnglish aBureau of indian standard 0aI S M for chapy impact test (V-notch) for metals c1989bBureau of Indian Standard,